000 02337cam a2200169 4500500
005 20260222010947.0
041 _afre
042 _adc
100 1 0 _aBrekhus, Wayne
_eauthor
245 0 0 _aUne sociologie de l'« invisibilité » : réorienter notre regard
260 _c2005.
500 _a38
520 _aCet article suggère que la sociologie américaine a de facto développé une tradition de recherche du « marqué », qui consacre une plus grande attention épistémologique aux dispositifs « politiquement saillants » de la vie sociale. Bien que le « non-marqué » corresponde à la partie la plus importante de la vie sociale, le marqué gouverne de manière disproportionnée l’attention de la sociologie. Et puisque le marqué est aussi ce qui attire d’emblée plus l’attention dans la culture générale, la sociologie participe à un processus de re-marquage et donc à la reproduction des images de sens commun de la réalité sociale. Cet article tire les conséquences analytiques de ce processus et plaide pour le développement d’une sociologie qui se penche explicitement sur ce qui n’est pas d’emblée visible et cherche à mettre en avant des éléments de la réalité sociale qui passent d’ordinaire inaperçus politiquement ou qui vont de soi.
520 _aA SOCIOLOGY OF “INVISIBILITY”: REORIENTING OUR GAZE This article suggests that American sociology has developed a de facto tradition in the sociology of the marked that devotes greater epistemological attention to “politically salient” features of social life. Although the “unmarked” comprises the vast majority of social life, the “marked” commands a disproportionate share of attention from sociologists. Since the marked already draws more attention within the general culture, social scientists contribute to re-marking and to the reproduction of common-sense images of social reality. This has important analytical consequences. This article argues for developing a stronger tradition in a sociology of the unmarked that explicitly foregrounds “politically unnoticed” and takenforgranted elements of social reality.
786 0 _nRéseaux | 129-130 | 1 | 2005-04-01 | p. 243-272 | 0751-7971
856 4 1 _uhttps://shs.cairn.info/revue-reseaux1-2005-1-page-243?lang=fr&redirect-ssocas=7080
999 _c1669771
_d1669771